000 01107nam0a22002771 4500
001 v19\rc\1209097
005 20260407142423.0
035 _a(NLR Aleph) 004373054
090 _a3525388
_c3525388
100 _a20060306d1867 |||y0rusy50 ca
101 0 _arus
_afre
102 _aRU
105 _ay z |||||
200 1 _aДекларация [об улучшении участи раненых военных чинов в войсках, находящихся в походе
_e22 июля 1867 г. Берн
210 _aСанкт-Петербург
_d1867]
215 _a[3] с.
300 _aТекст парал. на рус. и франц. яз.
309 _aБез тит. л. и обл.
532 1 3 _aДекларация об улучшении участи раненых военных чинов в войсках, находящихся в походе
740 1 _aШвейцария
_tДоговоры
_3RU\NLR\AUTH\8810085579
_9673081
801 0 _aRU
_bNLR
_gpsbo
801 1 _aRU
_bProSoft-M
_2rusmarc
852 _aNLR
_j18.29.1.284
942 _cBOOK
980 _aNB